000 00472nam a2200169Ia 4500
008 151213s9999 xx 000 0 und d
020 _a984-40-0255-9
082 _a658
_b658
100 _aA.T.M. Faizul Haque & Md. Liton Ali
245 _aIntroduction to Business
_cA.T.M. Faizul Haque & Md. Liton Ali
260 _aDhaka
_bAbir
_c2007
300 _a8396 p.
650 _aBusiness
650 _aBusiness
700 _aA.T.M. Faizul Haque & Md. Liton Ali
999 _c4234
_d4234